000 00972cam a2200301 i 4500
001 879668
003 BDDh-ASL
005 20231015031307.0
008 790917s1978 bg b 001 0 eng
010 _a 79900615
020 _cTk20.00
040 _aDLC
_cBDDh-ASL
_dDLC
041 _aeng
043 _aa-bg---
050 0 0 _aHC440.8.Z9
_bP615
082 0 0 _a301.4494
_bFAV
100 1 _aFarouk, A.
245 1 4 _aThe vagrants of Dacca City :
_ba socio-economic survey, 1975 /
_cA. Farouk, in collaboration with Rezaul Karim ... [et al.].
260 _aDacca :
_bBureau of Economic Research, University of Dacca,
_c1976.
300 _av, 84 p. ;
_c25 cm.
504 _aIncludes bibliographical references and index.
650 0 _aPoor
_zBangladesh
_zDhaka.
650 0 _aTramps
_zBangladesh
_zDhaka.
650 0 _aRural-urban migration
_zBangladesh
_zDhaka.
700 1 _aKarim, Rezaul.
906 _a7
_bcbc
_corignew
_d2
_encip
_f19
_gy-gencatlg
942 _2ddc
_cBK
999 _c31628
_d31628